000 00569nam a2200193Ia 4500
005 20230609115243.0
008 131103s9999 xx 000 0 und d
040 _aLoreto College
041 _aEnglish
082 _a938
_bBUR
245 4 _aThe Cambridge ancient history
_cedited by J.B.Bury, S.A.Cook [and] F.E.Adcock
260 _aCambridge
_bThe University Press
_c1958
300 _aV.5 (xxii,554 p.)
_b ill.
504 _aIncludes bibliographical references and index
650 _aAncient History
700 _aBury,J.B.,ed.
850 _aLCLIB
942 _cBK
999 _c8642
_d59121